A Guide for methods and procedures in contract maintenance (Record no. 528295)
[ view plain ]
| 000 -LEADER | |
|---|---|
| fixed length control field | 01411cam a22003497a 4500 |
| 001 - CONTROL NUMBER | |
| control field | 13731076 |
| 003 - CONTROL NUMBER IDENTIFIER | |
| control field | NUST |
| 005 - DATE AND TIME OF LATEST TRANSACTION | |
| control field | 20190905103606.0 |
| 008 - FIXED-LENGTH DATA ELEMENTS--GENERAL INFORMATION | |
| fixed length control field | 040927s2002 dcuak b 000 0 eng d |
| 010 ## - LIBRARY OF CONGRESS CONTROL NUMBER | |
| LC control number | 2004302603 |
| 020 ## - INTERNATIONAL STANDARD BOOK NUMBER | |
| International Standard Book Number | 1560511877 |
| 035 ## - SYSTEM CONTROL NUMBER | |
| System control number | (OCoLC)ocm51797034 |
| 038 ## - RECORD CONTENT LICENSOR | |
| Staff Name | MSOHAIL |
| 040 ## - CATALOGING SOURCE | |
| Original cataloging agency | MDT |
| Transcribing agency | MDT |
| Modifying agency | DLC |
| 042 ## - AUTHENTICATION CODE | |
| Authentication code | lccopycat |
| 043 ## - GEOGRAPHIC AREA CODE | |
| Geographic area code | n-us--- |
| 050 00 - LIBRARY OF CONGRESS CALL NUMBER | |
| Classification number | TE220 |
| Item number | .G787 2002 |
| 082 00 - DEWEY DECIMAL CLASSIFICATION NUMBER | |
| Classification number | 388.10682 |
| Edition number | 22 |
| Author Mark | AAS |
| 100 ## - MAIN ENTRY--PERSONAL NAME | |
| Personal name | AASHTO |
| 9 (RLIN) | 20002 |
| 245 02 - TITLE STATEMENT | |
| Title | A Guide for methods and procedures in contract maintenance |
| Statement of responsibility, etc. | prepared by the AASHTO Subcommittee on Maintenance. |
| 260 ## - PUBLICATION, DISTRIBUTION, ETC. | |
| Place of publication, distribution, etc. | Washington, D.C. : |
| Name of publisher, distributor, etc. | American Association of State Highway and Transportation Officials, |
| Date of publication, distribution, etc. | c1914. |
| 300 ## - PHYSICAL DESCRIPTION | |
| Extent | xix, 62, 32 p. : |
| Other physical details | ill., forms ; |
| Dimensions | 28 cm. |
| 500 ## - GENERAL NOTE | |
| General note | "August 2002." |
| 500 ## - GENERAL NOTE | |
| General note | This guide updates two ealier guides published in 1964 and 1987. |
| 500 ## - GENERAL NOTE | |
| General note | "Book code: GMPC-2."--P. [4] of cover. |
| 504 ## - BIBLIOGRAPHY, ETC. NOTE | |
| Bibliography, etc. note | Includes bibliographical references. |
| 650 #0 - SUBJECT ADDED ENTRY--TOPICAL TERM | |
| Topical term or geographic name entry element | Roads |
| General subdivision | Maintenance and repair |
| -- | Contracting out |
| Geographic subdivision | United States. |
| 9 (RLIN) | 20003 |
| 710 2# - ADDED ENTRY--CORPORATE NAME | |
| Corporate name or jurisdiction name as entry element | American Association of State Highway and Transportation Officials. |
| Subordinate unit | Subcommittee on Maintenance. |
| 9 (RLIN) | 20004 |
| 906 ## - LOCAL DATA ELEMENT F, LDF (RLIN) | |
| a | 7 |
| b | cbc |
| c | copycat |
| d | 2 |
| e | ncip |
| f | 20 |
| g | y-gencatlg |
| 942 ## - ADDED ENTRY ELEMENTS (KOHA) | |
| Source of classification or shelving scheme | |
| Koha item type | Book |
| Withdrawn status | Lost status | Source of classification or shelving scheme | Damaged status | Not for loan | Permanent Location | Current Location | Date acquired | Total Checkouts | Full call number | Barcode | Date last seen | Price effective from | Koha item type |
|---|---|---|---|---|---|---|---|---|---|---|---|---|---|
| School of Civil and Environmental Engineering (SCEE) | School of Civil and Environmental Engineering (SCEE) | 09/05/2019 | 388.10682 AAS | NIT-10350 | 09/05/2019 | 09/05/2019 | Book |
